Leçons sur les représentations des groupes /

Guardado en:
Autor Principal: Pukanszky, L.
Formato: Libro
Idioma:French
Publicado: Paris : Dunod, 1967.
Series:Monographies de la Société mathématique de France ; 2
Materias:
Etiquetas: Agregar Etiqueta
Sin Etiquetas, Sea el primero en etiquetar este registro!
LEADER 00812cam a22002295a 4500
001 MAT.inmabb005116
008 730711s1967####fr#######b####001#0#fre##
005 20170822152216.0
245 1 0 |a Leçons sur les représentations des groupes /  |c L. Pukanszky. 
260 |a Paris :  |b Dunod,  |c 1967. 
300 |a viii, 178 p. ;  |c 25 cm. 
490 1 |a Monographies de la Société mathématique de France ;  |v 2 
504 |a Bibliografía: p. [175]. 
505 0 |a 1e. partie. Groupes finis et compacts -- 2e. partie. Groupes nilpotents. 
510 4 |a MR,  |c 36 #311 
100 1 |a Pukanszky, L. 
810 2 |a Société mathématique de France.  |t Monographies ;  |v 2. 
650 0 |a Representations of groups. 
084 |a 22.60  |2 MR 
010 |a  67114968  
040 |a DLC  |c OCU  |d OCoLC  |d DLC 
859 |h 20  |i P979  |p A-2454  |b BIB. MATEMATICA